<?xml version="1.0" encoding="UTF-8"?>
<record
    xmlns:xsi="http://www.w3.org/2001/XMLSchema-instance"
    xsi:schemaLocation="http://www.loc.gov/MARC21/slim http://www.loc.gov/standards/marcxml/schema/MARC21slim.xsd"
    xmlns="http://www.loc.gov/MARC21/slim">

  <leader>01686nam a2200409 i 4500</leader>
  <datafield tag="999" ind1=" " ind2=" ">
    <subfield code="c">357885</subfield>
    <subfield code="d">357885</subfield>
  </datafield>
  <controlfield tag="001">it</controlfield>
  <controlfield tag="003">IT-MiSPE</controlfield>
  <controlfield tag="005">20180514161504.0</controlfield>
  <controlfield tag="008">070205s2006    it            000 0 ita d</controlfield>
  <datafield tag="020" ind1=" " ind2=" ">
    <subfield code="a">9788845257391 :</subfield>
    <subfield code="c">42.00 EUR</subfield>
  </datafield>
  <datafield tag="040" ind1=" " ind2=" ">
    <subfield code="a">IT-MiSPE</subfield>
    <subfield code="b">ita</subfield>
    <subfield code="c">IT-MiSPE</subfield>
  </datafield>
  <datafield tag="041" ind1="0" ind2=" ">
    <subfield code="a">ita</subfield>
    <subfield code="a">lat</subfield>
  </datafield>
  <datafield tag="043" ind1=" " ind2=" ">
    <subfield code="a">e-it</subfield>
  </datafield>
  <datafield tag="045" ind1=" " ind2=" ">
    <subfield code="a">d4i-</subfield>
    <subfield code="a">b0d3</subfield>
    <subfield code="a">j0n9</subfield>
  </datafield>
  <datafield tag="050" ind1=" " ind2="4">
    <subfield code="a">PA6511.M3</subfield>
    <subfield code="b">T88 2006</subfield>
  </datafield>
  <datafield tag="082" ind1="1" ind2="4">
    <subfield code="a">878-MAR ca* SCO er (23163)</subfield>
  </datafield>
  <datafield tag="245" ind1="0" ind2="0">
    <subfield code="a">Tutti i commenti a Marziano Capella /</subfield>
    <subfield code="c">[testi di] Scoto Eriugena, Remigio di Auxerre, Bernardo Silvestre e anonimi; presentazione di Giovanni Reale ; introduzione, traduzione, note e apparati di Ilaria Ramelli.</subfield>
  </datafield>
  <datafield tag="250" ind1=" " ind2=" ">
    <subfield code="a">1. ed. Bompiani il pensiero occidentale.</subfield>
  </datafield>
  <datafield tag="260" ind1=" " ind2=" ">
    <subfield code="a">Milano :</subfield>
    <subfield code="b">Bompiani,</subfield>
    <subfield code="c">2006.</subfield>
  </datafield>
  <datafield tag="300" ind1=" " ind2=" ">
    <subfield code="a">2524 p. ;</subfield>
    <subfield code="c">22 cm.</subfield>
  </datafield>
  <datafield tag="440" ind1=" " ind2="0">
    <subfield code="a">Bompiani Il pensiero occidentale.</subfield>
    <subfield code="9">57127</subfield>
  </datafield>
  <datafield tag="500" ind1=" " ind2=" ">
    <subfield code="a">Con testo latino a fronte.</subfield>
  </datafield>
  <datafield tag="500" ind1=" " ind2=" ">
    <subfield code="a">Martianus Capella (V secolo); Ioannes Scotus Erigena (IX secolo); Remigius Autissiodorensis (IX secolo); Bernardus Silvestris (XII secolo).</subfield>
  </datafield>
  <datafield tag="504" ind1=" " ind2=" ">
    <subfield code="a">Include referenze bibliografiche.</subfield>
  </datafield>
  <datafield tag="546" ind1=" " ind2=" ">
    <subfield code="a">Italiano, Latino.</subfield>
  </datafield>
  <datafield tag="600" ind1="0" ind2="0">
    <subfield code="a">Martianus Capella.</subfield>
    <subfield code="t">De nuptiis Philologiae et Mercurii.</subfield>
    <subfield code="9">57201</subfield>
  </datafield>
  <datafield tag="650" ind1=" " ind2="0">
    <subfield code="a">Apprendimento ed erudizione in letteratura.</subfield>
    <subfield code="9">57202</subfield>
  </datafield>
  <datafield tag="700" ind1="0" ind2=" ">
    <subfield code="a">Scoto Eriugena.</subfield>
    <subfield code="d">810-877 circa</subfield>
    <subfield code="9">57203</subfield>
  </datafield>
  <datafield tag="700" ind1="0" ind2=" ">
    <subfield code="a">Remigio di Auxerre.</subfield>
    <subfield code="d">841-908 circa</subfield>
    <subfield code="9">57204</subfield>
  </datafield>
  <datafield tag="700" ind1="0" ind2=" ">
    <subfield code="a">Bernardo Silvestre.</subfield>
    <subfield code="d">+ 1178</subfield>
    <subfield code="9">57205</subfield>
  </datafield>
  <datafield tag="856" ind1="4" ind2="2">
    <subfield code="u">http://www.ilibri.casalini.it/toc/06430058.pdf</subfield>
    <subfield code="3">Contents</subfield>
  </datafield>
  <datafield tag="908" ind1=" " ind2="4">
    <subfield code="a">PA6511.M3</subfield>
  </datafield>
  <datafield tag="942" ind1=" " ind2=" ">
    <subfield code="2">ddc</subfield>
    <subfield code="c">BK</subfield>
  </datafield>
  <datafield tag="981" ind1=" " ind2=" ">
    <subfield code="a">Supplied on B.O.</subfield>
    <subfield code="b">BO</subfield>
    <subfield code="d">NYXAS0B</subfield>
    <subfield code="e">The New York Public Library</subfield>
  </datafield>
  <datafield tag="952" ind1=" " ind2=" ">
    <subfield code="0">0</subfield>
    <subfield code="1">0</subfield>
    <subfield code="2">ddc</subfield>
    <subfield code="4">0</subfield>
    <subfield code="6">878MAR_CA_SCO_ER_23163</subfield>
    <subfield code="7">1</subfield>
    <subfield code="a">CINISELLO</subfield>
    <subfield code="b">CINISELLO</subfield>
    <subfield code="d">2018-05-14</subfield>
    <subfield code="l">0</subfield>
    <subfield code="o">878-MAR ca* SCO er (23163)</subfield>
    <subfield code="p">9788845257398</subfield>
    <subfield code="r">2018-05-14 00:00:00</subfield>
    <subfield code="w">2018-05-14</subfield>
    <subfield code="y">BK</subfield>
  </datafield>
</record>
